Music Quiz

Random Music or Lyrics Quiz
Score 0/19 Timer 06:00
0 Plays Today
% Correct
When I find myself in times of trouble, Mother Mary comes to me
95.3%
In the town where I was born, lived a man who sailed to sea
93.4%
Hey Jude, don't make it bad
93.3%
What would you think if I sang out of tune
91.7%
When I get older losing my hair, many years from now
90.4%
Oh yeah, I'll tell you something, I think you'll understand
88.2%
Flew in from Miami Beach BOAC, didn't get to bed last night
87.9%
Here comes the sun
87.3%
Well, she was just seventeen, you know what I mean
87.2%
Jo Jo was a man who thought he was a loner
83.3%
% Correct
Here come old flattop, he come groovin' up slowly
82.2%
Blackbird singing in the dead of night
80.9%
Mean Mister Mustard sleeps in the park
75.7%
I am he as you are he as you are me and we are all together
74.5%
Here I stand head in hand, turn my face to the wall
66.2%
Standing in the dock at Southampton
59%
Is there anybody going to listen to my story
57.6%
One two three four, can I have a little more?
54.2%
Your day breaks, your mind aches
50.7%
Remove Ads.
Support Sporcle.
Get the best of Sporcle when you Go Orange. This ad-free experience offers more features, more stats, and more fun while also helping to support Sporcle. Thank you for becoming a member.

You're not logged in!

Compare scores with friends on all Sporcle quizzes.
OR
Log In

Show Comments

Extras

Top Quizzes Today


Score Distribution

Your Account Isn't Verified!

In order to create a playlist on Sporcle, you need to verify the email address you used during registration. Go to your Sporcle Settings to finish the process.

Report this User

Report this user for behavior that violates our Community Guidelines.

Details: